| 000 | 00571nam a2200145 a 4500 | ||
|---|---|---|---|
| 001 | 000032906 | ||
| 005 | 20240229073830.0 | ||
| 008 | 110801s1902 dr 000 0 spa d | ||
| 040 |
_aDO-SdBNP _bspa _cBNPHU |
||
| 100 | 1 |
_aHenríquez i Carvajal, Federico, _d1848-1952 _97792 |
|
| 245 | 1 | 0 |
_aInforme del ministro plenipotenciario presidente de la delegación dominicana en la segunda Conferencia Internacional Américana, 1901-1902 / _cFederico Henríquez y Carvajal. |
| 260 |
_aSanto Domingo : _bImp. de García Hermano, _c1902. |
||
| 300 |
_a32 p. ; _c24 cm. |
||
| 049 | _aBNPD | ||
| 999 |
_c32397 _d32397 |
||